00374nam a2200121Ia 4500008004100000100007100041245004600112260005100158300000700209650001400216942000700230999001500237190216s9999||||xx |||||||||||||| ||und|| aCentral Institute For Research &training In Employment Service 0aSelf Employment In Small Scale Industries bCentral Institute For Research &trainingc1982 a23 aEconomics cBK c9732d9732